[Event "Ruhrgebiet Bezirksliga 17/18"]
[Site "Ruhrgebiet"]
[Date "2017.09.17"]
[Round "2.6"]
[White "Hoffmann, Eckhard"]
[Black "Scheibe, Andreas"]
[Result "1/2-1/2"]
[WhiteElo "1399"]
[BlackElo "1783"]
[PlyCount "94"]
[EventDate "2017.09.03"]
[EventType "team-tourn"]
[EventRounds "9"]
[EventCountry "GER"]
[SourceTitle "EXT 2022"]
[Source "ChessBase"]
[SourceDate "2021.10.06"]
[SourceVersion "1"]
[SourceVersionDate "2021.10.06"]
[SourceQuality "1"]
[WhiteTeam "Unna SV II"]
[BlackTeam "Werl Wickede SG"]
[WhiteTeamCountry "GER"]
[BlackTeamCountry "GER"]

1. e4 c5 2. Nf3 d6 3. c3 Nf6 4. d3 Nc6 5. Nbd2 g6 6. Be2 Bg7 7. d4 cxd4 8. cxd4 e6 9. 0-0 0-0 10. Re1 Qc7 11. h3 Nb4 12. Bc4 b5 13. a3 bxc4 14. axb4 Bb7 15. Qc2 Rfc8 16. Ra3 Bf8 17. Rc3 d5 18. e5 Nd7 19. Ng5 h6 20. Nxe6 Qb6 21. Nxf8 Nxf8 22. Nxc4 Rxc4 23. Rxc4 dxc4 24. Bxh6 Ne6 25. Be3 Qxb4 26. Ra1 Bd5 27. Ra4 Qb7 28. f4 Be4 29. Qd2 Rb8 30. Rxc4 Qxb2 31. Rc8+ Kg7 32. Rxb8 Qxb8 33. d5 Nd8 34. Qd4 Qb1+ 35. Kh2 Qc2 36. Bf2 Kh7 37. e6 fxe6 38. dxe6 Nxe6 39. Qd7+ Ng7 40. Qxa7 Qd2 41. Qe3 Qd5 42. Qg3 Nf5 43. Qg5 Qd2 44. Kg1 Qd1+ 45. Kh2 Qd2 46. Kg1 Qd1+ 47. Kh2 Qd2 1/2-1/2

[Event "Ruhrgebiet Bezirksliga 16/17"]
[Site "Ruhrgebiet"]
[Date "2017.04.23"]
[Round "11.4"]
[White "Riemer, Dominik"]
[Black "Scheibe, Andreas"]
[Result "0-1"]
[WhiteElo "1640"]
[BlackElo "1755"]
[PlyCount "82"]
[EventDate "2016.08.28"]
[EventType "team-tourn"]
[EventRounds "11"]
[EventCountry "GER"]
[SourceTitle "EXT 2022"]
[Source "ChessBase"]
[SourceDate "2021.10.06"]
[SourceVersion "1"]
[SourceVersionDate "2021.10.06"]
[SourceQuality "1"]
[WhiteTeam "Kamen SV III"]
[BlackTeam "Werl SC 1981"]
[WhiteTeamCountry "GER"]
[BlackTeamCountry "GER"]

1. b4 Nf6 2. Bb2 e6 3. a3 c5 4. bxc5 Bxc5 5. Nf3 Qb6 6. e3 Qxb2 7. Nc3 Qb6 8. Be2 d5 9. 0-0 Bd7 10. Rb1 Qc7 11. Rb3 Nc6 12. d4 Be7 13. Nb5 Qc8 14. Ne5 a6 15. Nc3 Na5 16. Qb1 Nxb3 17. Qxb3 0-0 18. Rb1 b5 19. Bf3 Qc7 20. Ne2 Rac8 21. c3 Bd6 22. Nxd7 Qxd7 23. g3 Rc4 24. Rb2 Rfc8 25. Bg2 Bc7 26. f3 Ba5 27. Rc2 Qc7 28. a4 Rxa4 29. Bf1 h6 30. Kg2 Qd6 31. Ra2 Rxa2 32. Qxa2 Bxc3 33. Nc1 Bxd4 34. exd4 Rxc1 35. Qa5 Qc7 36. Qxa6 Qc2+ 37. Kh3 Qf5+ 38. Kg2 Rc2+ 39. Kg1 Qxf3 40. Qxb5 Qf2+ 41. Kh1 Qxh2# 0-1

[Event "Ruhrgebiet Bezirksliga 15/16"]
[Site "Ruhrgebiet"]
[Date "2016.01.31"]
[Round "7.3"]
[White "Scheibe, Andreas"]
[Black "Moenkemeyer, Maik"]
[Result "1-0"]
[WhiteElo "1754"]
[BlackElo "1641"]
[PlyCount "69"]
[EventDate "2015.08.30"]
[EventType "team-tourn"]
[EventRounds "9"]
[EventCountry "GER"]
[SourceTitle "EXT 2022"]
[Source "ChessBase"]
[SourceDate "2021.10.06"]
[SourceVersion "1"]
[SourceVersionDate "2021.10.06"]
[SourceQuality "1"]
[WhiteTeam "Werl SC 1981"]
[BlackTeam "Boenen SV II"]
[WhiteTeamCountry "GER"]
[BlackTeamCountry "GER"]

1. Nf3 d5 2. c4 e6 3. g3 Nf6 4. Bg2 c6 5. 0-0 Bd6 6. d4 Nbd7 7. Nc3 Qc7 8. Nd2 Nf8 9. e4 dxe4 10. Ndxe4 Nxe4 11. Nxe4 Ng6 12. a3 0-0 13. Bd2 Rd8 14. h4 e5 15. h5 Nf8 16. h6 f5 17. Nxd6 Qxd6 18. hxg7 Kxg7 19. Bg5 Be6 20. Bxd8 Rxd8 21. dxe5 Qxd1 22. Rfxd1 Rxd1+ 23. Rxd1 Bxc4 24. Rd4 Be6 25. f4 Nd7 26. b4 a6 27. Kf2 Kf7 28. Bf3 Ke7 29. Rd1 Bf7 30. g4 Bg6 31. Kg3 fxg4 32. Bxg4 Be8 33. Bf5 Nf8 34. Kg4 Bg6 35. Bc8 1-0

[Event "Ruhrgebiet VK3 1112"]
[Site "Nordrheinwestfalen"]
[Date "2012.03.25"]
[Round "8"]
[White "Wuthcke, Dieter"]
[Black "Scheibe, Andreas"]
[Result "1-0"]
[WhiteElo "1742"]
[BlackElo "1821"]
[PlyCount "76"]
[EventDate "2012.09.18"]
[EventType "team-tourn"]
[EventRounds "9"]
[EventCountry "GER"]
[SourceTitle "EXT 2020"]
[Source "ChessBase"]
[SourceDate "2019.10.17"]
[SourceVersion "1"]
[SourceVersionDate "2019.10.17"]
[SourceQuality "1"]
[WhiteTeam "Germania Kupferdreh"]
[BlackTeam "Werl SC 1981"]
[WhiteTeamCountry "GER"]
[BlackTeamCountry "GER"]

1. d4 c5 2. d5 g6 3. c4 Nf6 4. Nc3 d6 5. e4 Bg7 6. h3 a6 7. Qc2 e6 8. a4 exd5 9. cxd5 0-0 10. Nf3 Re8 11. Be2 Nbd7 12. Bf4 Qe7 13. Nd2 Nb6 14. 0-0 Bd7 15. Qb3 Nc8 16. Qxb7 Na7 17. Qb3 Reb8 18. Qc2 a5 19. Nc4 Nc8 20. Rfe1 Ne8 21. Bf3 Rb4 22. Na2 Bxa4 23. Qe2 Rb7 24. Nc3 Bb5 25. Nxb5 Rxb5 26. e5 Ra6 27. Qd3 Qb7 28. Bg4 Rb3 29. Qd2 dxe5 30. Bxe5 Bxe5 31. Rxe5 Nf6 32. Bf3 Qc7 33. Rae1 Kg7 34. h4 Rb4 35. Qc3 h5 36. Rg5 Kf8 37. d6 Nxd6 38. Qxf6 Rxc4 1-0

[Event "Ruhrgebiet VK3 1112"]
[Site "Nordrheinwestfalen"]
[Date "2012.02.12"]
[Round "6.6"]
[White "Schueppel, Werner"]
[Black "Scheibe, Andreas"]
[Result "1-0"]
[WhiteElo "1882"]
[BlackElo "1821"]
[PlyCount "45"]
[EventDate "2012.09.18"]
[EventType "team-tourn"]
[EventRounds "9"]
[EventCountry "GER"]
[SourceTitle "EXT 2020"]
[Source "ChessBase"]
[SourceDate "2019.10.17"]
[SourceVersion "1"]
[SourceVersionDate "2019.10.17"]
[SourceQuality "1"]
[WhiteTeam "Kirchhellen SF"]
[BlackTeam "Werl SC 1981"]
[WhiteTeamCountry "GER"]
[BlackTeamCountry "GER"]

1. d4 c5 2. Nf3 Nf6 3. c4 cxd4 4. Nxd4 g6 5. Nc3 Bg7 6. Bf4 d6 7. Nb3 0-0 8. Qd2 Re8 9. e4 a5 10. Bh6 Bh8 11. Rd1 a4 12. Nd4 Nbd7 13. f3 Ne5 14. h4 Nh5 15. Qf2 a3 16. b3 Nc6 17. Nde2 Qa5 18. Rd5 Nb4 19. Rxa5 Nd3+ 20. Kd2 Nxf2 21. Rxa8 Nxh1 22. Nd5 N1g3 23. Nxe7+ 1-0

[Event "Ruhrgebiet VL1 0405"]
[Site "Ruhrgebiet"]
[Date "2004.10.10"]
[Round "2.8"]
[White "Wuestefeld, Emile"]
[Black "Scheibe, Andreas"]
[Result "1-0"]
[WhiteElo "2267"]
[BlackElo "1849"]
[PlyCount "69"]
[EventDate "2004.09.12"]
[EventType "team-tourn"]
[EventRounds "9"]
[EventCountry "GER"]
[SourceTitle "EXT 2006"]
[Source "ChessBase"]
[SourceDate "2005.11.24"]
[SourceVersion "1"]
[SourceVersionDate "2005.11.24"]
[SourceQuality "1"]
[WhiteTeam "Bochum SV 02"]
[BlackTeam "Laeufer Ost"]
[WhiteTeamCountry "GER"]
[BlackTeamCountry "GER"]

1. e4 c5 2. Nc3 e6 3. g3 d5 4. exd5 exd5 5. Bg2 Nf6 6. d3 Bg4 7. Nge2 Be7 8. h3 Be6 9. Nf4 Nc6 10. 0-0 0-0 11. Nxe6 fxe6 12. Re1 Qd7 13. Bg5 Rae8 14. Ne2 h6 15. Bd2 Bd8 16. c4 Bc7 17. Nc3 Be5 18. f4 Bd4+ 19. Kh2 Nb4 20. cxd5 exd5 21. Qf3 Qf5 22. a3 Nxd3 23. Rxe8 Rxe8 24. g4 Qh7 25. Nxd5 Nxb2 26. Bc3 Qd3 27. Qxd3 Nxd3 28. Bxd4 cxd4 29. Rd1 Nc5 30. Rxd4 Re2 31. Nc3 Rc2 32. Nb5 Ne6 33. Ra4 a6 34. Nd4 Rd2 35. Nxe6 1-0

[Event "Ruhrgebiet playoff 0304"]
[Site "Ruhrgebiet"]
[Date "2004.06.06"]
[Round "3.7"]
[White "Verfuerth, Christian"]
[Black "Scheibe, Andreas"]
[Result "1-0"]
[WhiteElo "1850"]
[BlackElo "1864"]
[PlyCount "116"]
[EventDate "2004.05.16"]
[EventType "team-tourn"]
[EventRounds "3"]
[EventCountry "GER"]
[SourceTitle "EXT 2006"]
[Source "ChessBase"]
[SourceDate "2005.11.24"]
[SourceVersion "1"]
[SourceVersionDate "2005.11.24"]
[SourceQuality "1"]
[WhiteTeam "Horst II"]
[BlackTeam "Laeufer Ost"]
[WhiteTeamCountry "GER"]
[BlackTeamCountry "GER"]

1. d4 Nf6 2. Nf3 b6 3. e3 e6 4. Bd3 Bb7 5. 0-0 c5 6. c4 d5 7. cxd5 exd5 8. dxc5 bxc5 9. Nc3 Be7 10. Bb5+ Bc6 11. Qa4 Bxb5 12. Qxb5+ Nbd7 13. Rd1 Qb6 14. a4 0-0 15. Nxd5 Nxd5 16. Rxd5 Nf6 17. Rd3 Rfd8 18. Rxd8+ Rxd8 19. Bd2 Ne4 20. Qxb6 axb6 21. Be1 Bf6 22. Rb1 g5 23. g4 h5 24. h3 hxg4 25. hxg4 Kg7 26. b3 Kg6 27. Kf1 Bg7 28. Ke2 Nc3+ 29. Bxc3 Bxc3 30. Rd1 Rxd1 31. Kxd1 f5 32. gxf5+ Kxf5 33. Ke2 Bf6 34. Nd2 Bd8 35. f3 Bc7 36. Kd3 Ke5 37. Ne4 Bd8 38. Nc3 Kd6 39. Ke4 Bf6 40. Nb5+ Ke6 41. Nc7+ Kd7 42. Nd5 Bd8 43. Ke5 Kc6 44. Nc3 Be7 45. Kf5 Bd8 46. e4 c4 47. bxc4 Kc5 48. Nd5 Kxc4 49. Ke6 b5 50. axb5 Kxb5 51. e5 Kc5 52. Nf6 Kd4 53. Ng4 Bc7 54. Kf5 Bd8 55. e6 Kd5 56. Ne5 Be7 57. Ng6 Kd6 58. Nxe7 Kxe7 1-0

[Event "Ruhrgebiet VK3 0304"]
[Site "Ruhrgebiet"]
[Date "2004.03.28"]
[Round "8.6"]
[White "Koch, Burkhard"]
[Black "Scheibe, Andreas"]
[Result "0-1"]
[WhiteElo "1737"]
[BlackElo "1865"]
[PlyCount "72"]
[EventDate "2003.09.28"]
[EventType "team-tourn"]
[EventRounds "9"]
[EventCountry "GER"]
[SourceTitle "EXT 2007"]
[Source "ChessBase"]
[SourceDate "2006.11.23"]
[SourceVersion "1"]
[SourceVersionDate "2006.11.23"]
[SourceQuality "1"]
[WhiteTeam "Hoentrop SG"]
[BlackTeam "Laeufer Ost"]
[WhiteTeamCountry "GER"]
[BlackTeamCountry "GER"]

1. e4 c5 2. Nf3 d6 3. d4 cxd4 4. Nxd4 Nf6 5. Nc3 a6 6. Be2 e6 7. Be3 Be7 8. Qd2 b5 9. a3 Bb7 10. f3 Nbd7 11. 0-0 0-0 12. Rfc1 Rc8 13. Bd3 Ne5 14. Nce2 d5 15. exd5 Nxd5 16. Bf2 Nc4 17. Bxc4 Rxc4 18. c3 e5 19. Nb3 Bg5 20. Qd1 Bxc1 21. Qxc1 Qc7 22. Nd2 Rc6 23. Ng3 Nf4 24. Qc2 a5 25. Nde4 h6 26. Qb3 Ba6 27. Be3 a4 28. Qc2 Nd5 29. Bf2 Rd8 30. Rd1 Nf4 31. Rxd8+ Qxd8 32. Nc5 Bc8 33. Be3 Rd6 34. Bxf4 exf4 35. Nge4 Rd1+ 36. Kf2 f5 0-1

[Event "Ruhrgebiet VK3 0304"]
[Site "Ruhrgebiet"]
[Date "2004.02.08"]
[Round "6.7"]
[White "Scheibe, Andreas"]
[Black "Holtkamp, Patrik"]
[Result "1/2-1/2"]
[WhiteElo "1865"]
[BlackElo "1748"]
[PlyCount "128"]
[EventDate "2003.09.28"]
[EventType "team-tourn"]
[EventRounds "9"]
[EventCountry "GER"]
[SourceTitle "EXT 2007"]
[Source "ChessBase"]
[SourceDate "2006.11.23"]
[SourceVersion "1"]
[SourceVersionDate "2006.11.23"]
[SourceQuality "1"]
[WhiteTeam "Laeufer Ost"]
[BlackTeam "Dortmund SV"]
[WhiteTeamCountry "GER"]
[BlackTeamCountry "GER"]

1. c4 Nf6 2. g3 c6 3. Bg2 e5 4. d3 d6 5. Nc3 Be7 6. Nf3 0-0 7. 0-0 Be6 8. b4 Qc8 9. Re1 Bh3 10. Bh1 h6 11. b5 cxb5 12. Nxb5 Nc6 13. Ba3 Rd8 14. Qb3 Rb8 15. Rac1 b6 16. Nd2 Rd7 17. Ne4 Ne8 18. e3 Kh8 19. Nbc3 Be6 20. Nd5 Bf8 21. Nec3 f5 22. Qa4 Bg8 23. Rb1 Ne7 24. Nb4 Nc7 25. Rec1 a6 26. Nc6 Nxc6 27. Qxc6 Na8 28. Qxc8 Rxc8 29. Bxa8 Rxa8 30. Rxb6 g5 31. Nd5 Kg7 32. Rcb1 Bxd5 33. cxd5 Raa7 34. Rc1 Rdb7 35. Rcc6 a5 36. Bxd6 Bxd6 37. Rxd6 Rxb6 38. Rxb6 a4 39. a3 h5 40. Kg2 g4 41. Rc6 Ra5 42. e4 Rb5 43. d6 Kf7 44. Ra6 Rb3 45. Rxa4 Rxd3 46. exf5 Rxd6 47. h3 gxh3+ 48. Kxh3 Kf6 49. g4 hxg4+ 50. Kxg4 Rd2 51. Ra6+ Kf7 52. Kf3 Rd4 53. f6 Kg6 54. Ke3 Kf7 55. a4 Rb4 56. a5 Ra4 57. f3 Kg6 58. Kd3 Kf7 59. Rd6 Rxa5 60. Ke4 Ra3 61. Kxe5 Rxf3 62. Rd7+ Kf8 63. Re7 Re3+ 64. Kd6 Rxe7 1/2-1/2

[Event "Ruhrgebiet VK3 0304"]
[Site "Ruhrgebiet"]
[Date "2004.01.11"]
[Round "5.7"]
[White "Nadrowski, Joseph"]
[Black "Scheibe, Andreas"]
[Result "1-0"]
[WhiteElo "1710"]
[BlackElo "1865"]
[PlyCount "153"]
[EventDate "2003.09.28"]
[EventType "team-tourn"]
[EventRounds "9"]
[EventCountry "GER"]
[SourceTitle "EXT 2007"]
[Source "ChessBase"]
[SourceDate "2006.11.23"]
[SourceVersion "1"]
[SourceVersionDate "2006.11.23"]
[SourceQuality "1"]
[WhiteTeam "Werne SK"]
[BlackTeam "Laeufer Ost"]
[WhiteTeamCountry "GER"]
[BlackTeamCountry "GER"]

1. Nf3 Nf6 2. c4 b6 3. g3 Bb7 4. Bg2 e6 5. 0-0 c5 6. b3 d5 7. e3 Be7 8. Bb2 0-0 9. Nc3 Nc6 10. cxd5 exd5 11. d4 Qd6 12. Qe2 Rfe8 13. Rfd1 Rad8 14. dxc5 bxc5 15. Rac1 Nb4 16. Rd2 Bf8 17. a3 Ba6 18. Qd1 Nc6 19. Ng5 Ne7 20. Nce4 Nxe4 21. Bxe4 f5 22. Qh5 Qg6 23. Qxg6 hxg6 24. Bg2 c4 25. b4 Bb7 26. Ne6 Rc8 27. Nc5 Ba8 28. Bd4 Red8 29. Ne6 Rd7 30. Nxf8 Kxf8 31. Bc5 Kf7 32. Rxc4 Ke6 33. Rcd4 Rcd8 34. Bxe7 Kxe7 35. Rc2 Kd6 36. Rd3 Rc7 37. Rxc7 Kxc7 38. Rc3+ Kd7 39. Rc5 Ke6 40. h4 Rd6 41. b5 a6 42. Rc8 Bb7 43. Rb8 Rd7 44. bxa6 Bxa6 45. Rb6+ Rd6 46. Rxd6+ Kxd6 47. Bf1 Bb7 48. Bb5 Ke5 49. f4+ Ke4 50. Kf2 d4 51. exd4 Kxd4 52. Be8 Ke4 53. Bxg6 Bc6 54. Bf7 Ba4 55. Bh5 Kd4 56. g4 fxg4 57. Bxg4 Ke4 58. Kg3 Kd4 59. f5 Ke5 60. h5 Bc2 61. Kh4 Kf6 62. Bh3 Bd1 63. Bg4 Bc2 64. Kg3 Kg5 65. Bh3 Bd1 66. Bf1 Kxf5 67. Bd3+ Kg5 68. Bg6 Ba4 69. Kf3 Kf6 70. Kf4 Ke6 71. Kg5 Ke5 72. Bf7 Bc2 73. Be8 Ke6 74. a4 Ke7 75. Bb5 Be4 76. Be2 Kf7 77. a5 1-0

[Event "Ruhrgebiet VK3 0304"]
[Site "Ruhrgebiet"]
[Date "2003.09.28"]
[Round "1.7"]
[White "Scheibe, Andreas"]
[Black "Lautenschuetz, Ludger"]
[Result "1/2-1/2"]
[WhiteElo "1865"]
[BlackElo "1863"]
[PlyCount "79"]
[EventDate "2003.09.28"]
[EventType "team-tourn"]
[EventRounds "9"]
[EventCountry "GER"]
[SourceTitle "EXT 2007"]
[Source "ChessBase"]
[SourceDate "2006.11.23"]
[SourceVersion "1"]
[SourceVersionDate "2006.11.23"]
[SourceQuality "1"]
[WhiteTeam "Laeufer Ost"]
[BlackTeam "Haltern"]
[WhiteTeamCountry "GER"]
[BlackTeamCountry "GER"]

1. e4 e6 2. d4 d5 3. e5 c5 4. c3 Nc6 5. Nf3 Bd7 6. a3 Nge7 7. b4 cxd4 8. cxd4 Qb6 9. Bb2 Nf5 10. Be2 Be7 11. 0-0 0-0 12. Qd3 a6 13. Nbd2 Na7 14. Nb3 Bb5 15. Qd2 Qd8 16. Bxb5 Nxb5 17. Rac1 b6 18. Rc6 Na7 19. Rc2 Qd7 20. Qd3 b5 21. Rfc1 Rfc8 22. Rxc8+ Rxc8 23. Nc5 Bxc5 24. dxc5 Nc6 25. g4 Nfe7 26. Ng5 Ng6 27. f4 h6 28. Nh3 Qe7 29. Qg3 Qh4 30. Nf2 Qxg3+ 31. hxg3 a5 32. Nd3 axb4 33. axb4 Ra8 34. Ra1 Rxa1+ 35. Bxa1 Nge7 36. Bc3 g5 37. Kf2 Kh7 38. Nc1 Nb8 39. Nd3 Kg6 40. Kf3 1/2-1/2

[Event "Ruhrgebiet VK2 0001"]
[Site "Ruhrgebiet"]
[Date "2001.03.18"]
[Round "7"]
[White "Scheibe, Andreas"]
[Black "Gierse, Heinz Dieter"]
[Result "1/2-1/2"]
[WhiteElo "1831"]
[BlackElo "1980"]
[PlyCount "68"]
[EventDate "2000.09.17"]
[EventType "team-tourn"]
[EventRounds "9"]
[EventCountry "GER"]
[SourceTitle "EXT 2023"]
[Source "ChessBase"]
[SourceDate "2022.10.05"]
[SourceVersion "1"]
[SourceVersionDate "2022.10.05"]
[SourceQuality "1"]
[WhiteTeam "Recklinghausen Laeufer Ost"]
[BlackTeam "Bottrop"]
[WhiteTeamCountry "GER"]
[BlackTeamCountry "GER"]

1. Nf3 Nf6 2. g3 d5 3. c4 e6 4. Bg2 Be7 5. a3 0-0 6. b4 a5 7. bxa5 c5 8. Ne5 Qc7 9. Bb2 d4 10. Nf3 Nc6 11. d3 e5 12. Nbd2 h6 13. 0-0 Bf5 14. Nh4 Bh7 15. Qc2 Nh5 16. Bf3 Nf4 17. Ng2 Nh3+ 18. Kh1 Kh8 19. Bg4 Ng5 20. f4 f5 21. fxg5 fxg4 22. gxh6 gxh6 23. Ne4 Bxe4 24. dxe4 Nxa5 25. Rf5 Rxf5 26. exf5 Qc6 27. Rf1 Bf6 28. Bc1 Kh7 29. Kg1 b6 30. Bd2 Nb7 31. Qc1 h5 32. Bg5 Rg8 33. Bxf6 Qxf6 34. e4 Nd6 1/2-1/2

[Event "Ruhrgebiet VK2 0001"]
[Site "Ruhrgebiet"]
[Date "2001.02.18"]
[Round "6"]
[White "Scheibe, Andreas"]
[Black "Luek, Harald"]
[Result "1/2-1/2"]
[WhiteElo "1831"]
[BlackElo "1877"]
[PlyCount "82"]
[EventDate "2000.09.17"]
[EventType "team-tourn"]
[EventRounds "9"]
[EventCountry "GER"]
[SourceTitle "EXT 2023"]
[Source "ChessBase"]
[SourceDate "2022.10.05"]
[SourceVersion "1"]
[SourceVersionDate "2022.10.05"]
[SourceQuality "1"]
[WhiteTeam "Recklinghausen Laeufer Ost"]
[BlackTeam "Linden Sued"]
[WhiteTeamCountry "GER"]
[BlackTeamCountry "GER"]

1. Nf3 Nf6 2. g3 g6 3. c4 Bg7 4. Bg2 0-0 5. Nc3 c6 6. d3 Na6 7. Rb1 Nc7 8. 0-0 d6 9. b4 Bd7 10. Qb3 Qc8 11. Re1 e5 12. a4 Ne6 13. Ba3 Nd4 14. Qa2 Bg4 15. Nd2 Bh3 16. e3 Bxg2 17. Kxg2 Ne6 18. Nde4 Nxe4 19. Nxe4 Rd8 20. b5 c5 21. h4 h6 22. Rh1 Qd7 23. Nc3 b6 24. Qe2 Rf8 25. Nd5 f5 26. f4 Rae8 27. Bb2 Nc7 28. Nxc7 Qxc7 29. Qf2 h5 30. Rhd1 Re7 31. Rd2 Rfe8 32. Re1 Qb7+ 33. Qf3 e4 34. dxe4 Bxb2 35. Rxb2 Rxe4 36. Rd2 R8e6 37. Kf2 Qe7 38. Rc2 Qb7 39. Ree2 d5 40. cxd5 Qxd5 41. Red2 Qb7 1/2-1/2

[Event "Ruhrgebiet VK2 0001"]
[Site "Ruhrgebiet"]
[Date "2000.12.10"]
[Round "4"]
[White "Pruess, Wilfried"]
[Black "Scheibe, Andreas"]
[Result "1-0"]
[WhiteElo "2089"]
[BlackElo "1831"]
[PlyCount "89"]
[EventDate "2000.09.17"]
[EventType "team-tourn"]
[EventRounds "9"]
[EventCountry "GER"]
[SourceTitle "EXT 2023"]
[Source "ChessBase"]
[SourceDate "2022.10.05"]
[SourceVersion "1"]
[SourceVersionDate "2022.10.05"]
[SourceQuality "1"]
[WhiteTeam "Hamm Koenigsspringer"]
[BlackTeam "Recklinghausen Laeufer Ost"]
[WhiteTeamCountry "GER"]
[BlackTeamCountry "GER"]

1. e4 c6 2. d4 d5 3. Nc3 g6 4. h3 dxe4 5. Nxe4 Bg7 6. Nf3 Nd7 7. Bc4 Ngf6 8. Nxf6+ Nxf6 9. c3 b5 10. Bd3 Qd6 11. a4 b4 12. 0-0 0-0 13. Re1 c5 14. dxc5 Qxc5 15. Be3 Qd6 16. Bb5 Qxd1 17. Raxd1 bxc3 18. bxc3 Bb7 19. Ne5 a6 20. Bc6 Bxc6 21. Nxc6 e6 22. c4 Kh8 23. c5 Nd5 24. Bd4 Bxd4 25. Nxd4 Rac8 26. Rc1 Nb4 27. Rc3 Nc6 28. Nf3 Rfd8 29. Rb1 Rd7 30. Rb6 a5 31. Kf1 Kg7 32. Rxc6 Rxc6 33. Ne5 Rdc7 34. Nxc6 Rxc6 35. Ke2 Kf6 36. Kd3 Rc8 37. Kc4 Ke5 38. Kb5 Kd4 39. Rc1 e5 40. c6 e4 41. c7 Kd3 42. Kxa5 Ke2 43. Kb6 Kxf2 44. Rc2+ Ke3 45. Kb7 1-0

[Event "Ruhrgebiet VK2 0001"]
[Site "Ruhrgebiet"]
[Date "2000.09.17"]
[Round "1"]
[White "Scheibe, Andreas"]
[Black "Ludwig, Dietmar"]
[Result "1/2-1/2"]
[WhiteElo "1831"]
[BlackElo "1758"]
[PlyCount "47"]
[EventDate "2000.09.17"]
[EventType "team-tourn"]
[EventRounds "9"]
[EventCountry "GER"]
[SourceTitle "EXT 2023"]
[Source "ChessBase"]
[SourceDate "2022.10.05"]
[SourceVersion "1"]
[SourceVersionDate "2022.10.05"]
[SourceQuality "1"]
[WhiteTeam "Recklinghausen Laeufer Ost"]
[BlackTeam "Neu Herne Zeppelin"]
[WhiteTeamCountry "GER"]
[BlackTeamCountry "GER"]

1. Nf3 d5 2. c4 Nf6 3. g3 g6 4. Bg2 Bg7 5. Qc2 c6 6. d3 Nbd7 7. Nbd2 0-0 8. Rb1 dxc4 9. Nxc4 Nb6 10. b3 Nbd5 11. 0-0 Re8 12. Bb2 Nb4 13. Qd2 Nbd5 14. e4 Nb6 15. Rfe1 Be6 16. Qc2 Qc8 17. a4 Bh3 18. Bh1 Nxc4 19. bxc4 c5 20. d4 cxd4 21. Nxd4 Nd7 22. Nf3 Bxb2 23. Rxb2 Nc5 24. Ne5 1/2-1/2